| 000 | 004250000a22001210004500 | ||
|---|---|---|---|
| 090 |
_aAS _bSeriadas |
||
| 245 | 1 | 0 | _aDesmidioflorula de los lagos marginales del río Amazonas en Colombia |
| 041 | 0 | _aEspañol | |
| 700 | 1 |
_aDonato R., John Charles _993339 |
|
| 100 | 1 |
_aDuque, Santiago R. _913847 |
|
| 942 | _cARTICULO | ||
| 773 | 1 |
_tRevista de la Academia Colombiana de Ciencias Exactas, Fisicas y Naturales _332 _h76 _q57-61 _d1996 _g20 |
|
| 999 |
_c13996 _d13996 |
||